=LDR 00000nam 2200000 4500 =001 NUTBA000000000001145 =005 20140414135206.0 =006 =007 =008 =020 ##$$a 979-421-299-7 =035 ##$$a 0010-041400000000415 =040 ##$$a NBPDMAT =082 ##$$a 574.192 6 =090 ##$$a 574.192 6$bAnd k =100 ##$$a Andarwulan, Nuri =245 ##$$a Kimia vitamin$cNuri Andarwulan =260 ##$$a Jakarta $bRajawali $c 1992. =300 ##$$a ix,255 hlm.$bilus$c21 cm. =650 ##$$a Vitamin =700 ##$$a Koswara, Sutrisno =850 ##$$a NBPNMAT =990 ##$$a 00088414 =990 ##$$a 93774/BPAP-NTB/2014 =990 ##$$a 20302030 =990 ##$$a 119.084 pro.97 =990 ##$$a 93774/BPAP-NTB/2014